On-farm reservoir systems for rainfed ricelands
The book researches on the on-farm rainwater storage systems in Bangladesh, India, Indonesia and the Philippines, it determines their value in conserving rainwater, improving lan productivity, and the impact on farmer income
Zapisane w:
| 1. autor: | |
|---|---|
| Format: | Książka |
| Język: | Undetermined |
| Wydane: |
Los Banos, Laguna
IRRI
1994
|
| Hasła przedmiotowe: | |
| Etykiety: |
Dodaj etykietę
Nie ma etykietki, Dołącz pierwszą etykiete!
|
| Thư viện lưu trữ: | Trung tâm Học liệu Trường Đại học Cần Thơ |
|---|
| LEADER | 00780nam a2200193Ia 4500 | ||
|---|---|---|---|
| 001 | CTU_30242 | ||
| 008 | 210402s9999 xx 000 0 und d | ||
| 082 | |a 631.7 | ||
| 082 | |b O.58 | ||
| 100 | |a IRRI | ||
| 245 | 0 | |a On-farm reservoir systems for rainfed ricelands | |
| 245 | 0 | |c IRRI | |
| 260 | |a Los Banos, Laguna | ||
| 260 | |b IRRI | ||
| 260 | |c 1994 | ||
| 520 | |a The book researches on the on-farm rainwater storage systems in Bangladesh, India, Indonesia and the Philippines, it determines their value in conserving rainwater, improving lan productivity, and the impact on farmer income | ||
| 650 | |a rain water ( water supply ),reservoirs,water conservation,water supply, agricultural | ||
| 904 | |i Minh, 990510 | ||
| 980 | |a Trung tâm Học liệu Trường Đại học Cần Thơ | ||